Popularne sklepy w Polsce! - Statystyki

Ogólne statystyki
  • Ten quiz został rozwiązany 35 653 razy
  • Średni wynik to 7 z 12
Statystyki odpowiedzi
Odpowiedź % Poprawnych
1 Biedronka
99%
2 Lidl
96%
6 Żabka
83%
12 Dino
67%
3 Kaufland
63%
4 Auchan
57%
9 Carrefour
55%
5 Tesco
51%
7 Netto
49%
10 Aldi
45%
11 Piotr i Paweł
26%
8 Intermarche
21%
Nie znaleziono quizów pasujących do podanych kryteriów
Rozkład punktacji
Procent ludzi z każdym wynikiem
Percentyl według liczby udzielonych odpowiedzi
Twoja historia wyników
Nie rozwiązałeś tego quizu